| 000 | 01474nam a2200229Ia 4500 | ||
|---|---|---|---|
| 003 | Ost | ||
| 005 | 20260507075748.0 | ||
| 008 | 260507s9999||||xx |||||||||||||| ||und|| | ||
| 020 | _a9789931141174 | ||
| 040 | _cfsecg | ||
| 041 | _aara | ||
| 082 | _a657.45 | ||
| 100 |
_aطويل، اسماعيل _eمؤلف |
||
| 245 | 0 |
_aمدخل إلى التدقيق الخارجي مع الاشارة إلى جودة التدقيق / _c اسماعيل طويل |
|
| 260 |
_aالجزائر : _bدار أجيال الرقمي , _c2024 |
||
| 300 |
_a120 صفحة؛ _bإيضاحات ؛ _c24 سم |
||
| 504 | _aبيبليوغرافيا: ص ص113-115 | ||
| 520 | _aيتناول هذا الكتاب موضوع التدقيق الخارجي، حيث يكتسي هذا الموضوع أهمية كبيرة لدى الباحثين والمهنيين خاصة مع التطورات التي تشمل هذا الموضوع وهذا ما جعله يتطرق إلى مدخل التدقيق بما فيه تدقيق الحسابات ومعايير التدقيق وتطرق إلى مهنة التدقيق الخارجي في الجزائر مع الإشارة إلى المعايير الجزائرية للتدقيق وكذلك جودة التدقيق الخارجي ودور المعايير الجزائرية للتدقيق في التحسين من جودة التدقيق الخارجي . | ||
| 653 | _aالمحاسبة | ||
| 653 | _aمراجعة الحسابات | ||
| 942 | _cكتاب | ||
| 999 |
_c46214 _d46214 |
||